000
003000000a22001330004500
003
MACL
040
_a
MACL
090
_c
33247
_d
33245
100
_a
Cadenhead, Rogers
245
_a
Microsoft Frontpage 2002
260
_b
Sama Techmedia
_c
2001
650
_a
Computer probraming
942
_c
BOOK
_k
005/Cad
999
_c
32898
_d
32898